[Event "YUG-ch"]
[Site "Kladovo"]
[Date "1991.??.??"]
[Round "3"]
[White "Ilic, Vidoje"]
[Black "Karaklajic, Nikola"]
[Result "1/2-1/2"]
[WhiteElo "2290"]
[BlackElo "2375"]
[PlyCount "94"]
[EventDate "1991.02.??"]
[EventType "swiss"]
[EventRounds "13"]
[EventCountry "YUG"]
[SourceTitle "TD"]
[Source "ChessBase"]
[SourceDate "1994.03.01"]
[SourceVersion "1"]
[SourceVersionDate "1994.03.01"]
[SourceQuality "1"]

1. e4 e5 2. Nf3 Nc6 3. Bc4 Nf6 4. d3 Bc5 5. c3 a6 6. Bb3 Ba7 7. 0-0 d6 8. Nbd2 0-0 9. Nc4 Ne7 10. Be3 b5 11. Ncd2 Bxe3 12. fxe3 Ng6 13. Qe1 Qe7 14. Nh4 Nxh4 15. Qxh4 Be6 16. Rf3 Rae8 17. Raf1 Nd7 18. Qh5 g6 19. Qh6 f6 20. Bc2 Rf7 21. d4 Nf8 22. d5 Bc8 23. b4 Nd7 24. a4 Qf8 25. Qxf8+ Rexf8 26. axb5 axb5 27. Bd3 Ba6 28. Ra1 Nb8 29. Ra5 c6 30. dxc6 Rc7 31. Rxa6 Nxa6 32. Bxb5 Nb8 33. Bc4+ Kg7 34. b5 Nxc6 35. bxc6 Rxc6 36. Rf1 Rb8 37. Rc1 Rbc8 38. Bd5 Rxc3 39. Rxc3 Rxc3 40. Nc4 Kf8 41. Kf2 Ke7 42. g4 Rc2+ 43. Kg3 Re2 44. h4 h6 45. h5 gxh5 46. gxh5 Re1 47. Kh2 Re2+ 1/2-1/2

[Event "YUG-ch"]
[Site "Kladovo"]
[Date "1991.??.??"]
[Round "13"]
[White "Popov, Sinisa S"]
[Black "Ilic, Vidoje"]
[Result "1-0"]
[WhiteElo "2305"]
[BlackElo "2290"]
[PlyCount "135"]
[EventDate "1991.02.??"]
[EventType "swiss"]
[EventRounds "13"]
[EventCountry "YUG"]
[SourceTitle "TD"]
[Source "ChessBase"]
[SourceDate "1994.03.01"]
[SourceVersion "1"]
[SourceVersionDate "1994.03.01"]
[SourceQuality "1"]

1. e4 d5 2. exd5 Nf6 3. d4 Nxd5 4. Nf3 g6 5. Be2 Bg7 6. 0-0 0-0 7. c4 Nb6 8. h3 Bf5 9. Nc3 Nc6 10. Be3 e5 11. d5 Ne7 12. Qb3 Bc8 13. Rad1 Nf5 14. Bg5 f6 15. Bc1 Nd7 16. Qa3 c5 17. dxc6 bxc6 18. c5 Qe7 19. Ne4 Kh8 20. Nd6 e4 21. Nxf5 gxf5 22. Nd4 Qxc5 23. Qxc5 Nxc5 24. Nxc6 Ne6 25. Bc4 Re8 26. Rfe1 Bf8 27. Kh1 a5 28. Bb5 Ba6 29. Nd4 Bxb5 30. Nxb5 Bb4 31. Bd2 Red8 32. Bc3 Kg7 33. Kg1 Rab8 34. a4 Nc5 35. Rxd8 Rxd8 36. Bxb4 axb4 37. Ra1 Ra8 38. a5 Nb3 39. Ra4 Rxa5 40. Rxb4 Ra1+ 41. Kh2 Nd2 42. Kg3 Kg6 43. Nd4 Ra5 44. Rb5 Rxb5 45. Nxb5 Nc4 46. b4 Ne5 47. Nc3 Nd3 48. Nd5 Kf7 49. b5 Nc5 50. b6 Ke6 51. Ne3 Ke5 52. Nc4+ Kd5 53. Na5 Kd6 54. Kf4 Nd3+ 55. Ke3 Nc5 56. h4 Ne6 57. Nb3 Nd8 58. Nd4 Ke5 59. g3 Nb7 60. Nb3 Nd6 61. Na5 f4+ 62. gxf4+ Kf5 63. b7 Nxb7 64. Nxb7 Kg4 65. Kxe4 h5 66. Nd6 Kxh4 67. Kf3 Kh3 68. Ne4 1-0

[Event "YUG-ch"]
[Site "Kladovo"]
[Date "1991.??.??"]
[Round "10"]
[White "Savicevic, Vlatko"]
[Black "Ilic, Vidoje"]
[Result "0-1"]
[WhiteElo "2305"]
[BlackElo "2290"]
[PlyCount "100"]
[EventDate "1991.02.??"]
[EventType "swiss"]
[EventRounds "13"]
[EventCountry "YUG"]
[SourceTitle "TD"]
[Source "ChessBase"]
[SourceDate "1994.03.01"]
[SourceVersion "1"]
[SourceVersionDate "1994.03.01"]
[SourceQuality "1"]

1. e4 c5 2. Nf3 d6 3. g3 g6 4. Bg2 Bg7 5. 0-0 Nc6 6. c3 e5 7. a3 a5 8. a4 Be6 9. d3 h6 10. Na3 Nge7 11. Re1 0-0 12. Nb5 d5 13. exd5 Nxd5 14. Nd2 Qd7 15. Nc4 Rad8 16. Qe2 Kh7 17. Nbd6 Qe7 18. Nb5 Rfe8 19. Bd2 Bf5 20. Be4 Be6 21. Bg2 Rd7 22. Rad1 Red8 23. Bc1 Qf8 24. Kh1 Qe7 25. Kg1 Re8 26. Nba3 Qd8 27. Nb5 Nb6 28. b3 Nd5 29. Ba3 b6 30. Bb2 Nde7 31. Rd2 Qb8 32. Red1 Red8 33. Qf1 h5 34. Bc1 Bg4 35. f3 Be6 36. f4 exf4 37. Qxf4 Ne5 38. Re2 Nxc4 39. Qxb8 Rxb8 40. bxc4 Bg4 41. Kf2 Bxe2 42. Kxe2 Bh6 43. Bxh6 Kxh6 44. d4 Rbd8 45. Bh3 Nf5 46. Bxf5 gxf5 47. Kf3 Re8 48. h4 Kg6 49. Rc1 Re4 50. Rd1 Kf6 0-1